Aktuelle Aspekte zur Ausgestaltung des IT-Sicherheitsmanagements und der Stellung des IT-Sicherheitsbeauftragten im Unternehmen

Enregistré dans:
Détails bibliographiques
Auteur principal: Stein, Achim
Format: Chapitre de livre
Langue:allemand
Sujets:
Tags: Ajouter un tag
Pas de tags, Soyez le premier à ajouter un tag!

MARC

LEADER 00000nla$a2200000$$$4500
001 0109170
005 20240502072215.6
041 0 |a ger 
044 |a SK 
245 1 0 |a Aktuelle Aspekte zur Ausgestaltung des IT-Sicherheitsmanagements und der Stellung des IT-Sicherheitsbeauftragten im Unternehmen  |c Achim Stein 
610 2 0 |a systémy informačné 
610 2 0 |a bezpečnosť informačná 
610 2 0 |a technológie informačné 
610 2 0 |a technológie komunikačné 
610 2 0 |a manažment 
610 2 0 |a manažéri 
100 1 |a Stein, Achim